LA Clippers leading scorer each game (2024-2025 season) - Statistics

General Stats
  • This quiz has been taken 37 times
  • The average score is 5 of 9
Answer Stats
# of games Player % Correct
30 James Harden
100%
12 Kawhi Leonard
94%
6 Ivica Zubac
85%
28 Norman Powell
71%
1 Derrick Jones Jr.
47%
1 Amir Coffey
29%
1 Bogdan Bogdanovic
29%
2 Bones Hyland
15%
1 Kevin Porter Jr.
12%
No matching quizzes found
Score Distribution
Percent of People with Each Score
Percentile by Number Answered
Your Score History
You have not taken this quiz